[Event "GER-chT North U14"]
[Site "Magdeburg"]
[Date "2012.09.06"]
[Round "1.4"]
[White "Buenz, Hendrik"]
[Black "Gressmann, Hanna"]
[Result "0-1"]
[WhiteElo "1003"]
[BlackElo "1431"]
[PlyCount "74"]
[EventDate "2012.09.06"]
[EventType "team-swiss"]
[EventRounds "7"]
[EventCountry "GER"]
[SourceTitle "EXT 2015"]
[Source "ChessBase"]
[SourceDate "2014.11.20"]
[SourceVersion "1"]
[SourceVersionDate "2014.11.20"]
[SourceQuality "1"]
[WhiteTeam "Wildeshausen"]
[BlackTeam "Weissensee Chemie"]
[WhiteTeamCountry "GER"]
[BlackTeamCountry "GER"]

1. e4 e5 2. Nf3 Nc6 3. Nc3 Bb4 4. Bb5 d6 5. d4 exd4 6. Nxd4 Bxc3+ 7. bxc3 Bd7 8. Bd3 Nf6 9. Bg5 h6 10. Bh4 Ne5 11. Be2 g5 12. Bg3 Nxe4 13. Bxe5 dxe5 14. Nf3 Nxc3 15. Qd3 Nxe2 16. Qxe2 f6 17. Rd1 Qe7 18. Nd2 Bc6 19. Qh5+ Qf7 20. Qg4 Qxa2 21. c4 Bd7 22. Qh5+ Ke7 23. Qg6 Rag8 24. Qe4 Bc6 25. Qe3 Bxg2 26. Qc5+ Ke8 27. Rg1 Bc6 28. f3 Qa6 29. Ne4 Bxe4 30. fxe4 Qb6 31. Qxb6 axb6 32. Rg3 Ke7 33. Rgd3 Rd8 34. Rxd8 Rxd8 35. Rxd8 Kxd8 36. Kf2 Kd7 37. Kg3 h5 0-1